| 000 | 01030nam a2200301 a 4500 | ||
|---|---|---|---|
| 003 | BLK | ||
| 005 | 20250127124539.0 | ||
| 007 | ta | ||
| 008 | 221104b bu |||||r|||| 00| | bu d | ||
| 020 | _a9786191868827 | ||
| 040 | _aBLK | ||
| 041 |
_aBUL _cBUL |
||
| 080 |
_9227592 _aБългарска литература _b821.163.2 _z821.163.2-32 |
||
| 084 | _aК 45 | ||
| 100 |
_9496482 _aКасабов, Мартин Христов |
||
| 245 |
_aМомчето, което завърза Луната за Земята : разкази _cМартин Касабов ; худож. София Попйорданова |
||
| 260 |
_9209682 _aПловдив _bЖанет 45 _c2024 |
||
| 300 |
_a200 с. _c20 см |
||
| 380 | _aX | ||
| 700 |
_9433438 _aПопйорданова, София Любомирова |
||
| 852 |
_aЦб 325693 _bЦб |
||
| 856 |
_i0.00 _ldisable |
||
| 942 |
_cKNG _n0 _01 |
||
| 944 |
_cНора Радева _k30576 _lЦветомила Тодорова |
||
| 999 |
_c523872 _d523872 |
||
| 999 | _d523872 | ||
| 999 | _d523871 | ||
| 999 | _d523869 | ||